000 00720nam0a22002291 4500
001 RU\NLR\A2V16\5917
005 20251203171251.9
035 _a(NLR Aleph) 009808976
090 _a10206788
_c10206788
100 _a19980713d u y0rusy50 ca
101 0 _alat
102 _aRU
200 1 _aSententia, an magistratus jure possit occidere anabaptistas
700 1 _6z01790
_aBrenz
_bJ.
_cст.
_f1499-1570
_gJohannes
_3RU\NLR\AUTH\770292788
_4070
790 1 _6z01700
_aBrentius
_csen.
_gJohannes
_4070
801 0 _aRU
_bNLR
_c19980713
852 _aNLR
_j16.111.5.16
942 _cBOOK
980 _aNB
980 _ain16